|
|
|
|
| LEADER |
00000ny a22000003n 4500 |
| 005 |
20110616141029.0 |
| 006 |
a 000 0 |
| 008 |
000000s2000 sp 000 0 spa d |
| 017 |
|
|
|a D.L.B49619-99
|
| 020 |
|
|
|a 9788495027696
|
| 035 |
|
|
|a 3299
|
| 040 |
|
|
|a URJC.CV
|d vLex
|
| 080 |
|
|
|a 351.815:656.2(460)
|
| 090 |
|
|
|c 785
|d 785
|
| 100 |
1 |
|
|a Canals i Ametller, Dolors
|
| 245 |
1 |
0 |
|a Recuperacin̤ y nuevo destino de viejas infraestructuras
|h [Recurso electrn̤ico]
|b de ferrocarril ecn̤omico a corredor verde :
|b un estudio jurd̕ico /
|c Dolors Canals i Ametller
|
| 256 |
|
|
|a Servicio en ln̕ea
|
| 260 |
|
|
|a Barcelona :
|b Cedecs,
|c 2000
|
| 300 |
|
|
|a 215 p. ;
|c 23 cm
|
| 490 |
1 |
|
|a Derecho administrativo
|
| 506 |
1 |
|
|a Contenido solo disponible en los productos indicados
|d vLex Global
|d vLex Global (Academic Edition, excluding Law Schools)
|d vLex Global (U.S. Academic Edition, Law Schools)
|d vLex Global (U.S. Academic Edition, excluding Law Schools)
|d vLex Global (Academic Edition, Law Schools)
|
| 650 |
0 |
7 |
|2 Tesauro vLex
|a Administrativo
|
| 650 |
0 |
7 |
|2 Tesauro vLex
|a Ambiental
|
| 650 |
0 |
7 |
|2 Tesauro vLex
|a Derecho urbans̕tico
|
| 650 |
0 |
7 |
|2 Tesauro vLex
|a Infraestructura urbana
|
| 650 |
0 |
7 |
|2 Tesauro vLex
|a Zonas verdes
|
| 650 |
0 |
7 |
|2 Tesauro vLex
|a Espacios libres
|
| 650 |
0 |
7 |
|2 Tesauro vLex
|a Transportes
|
| 650 |
0 |
7 |
|2 Tesauro vLex
|a Obras
|
| 650 |
0 |
7 |
|2 Tesauro vLex
|a Construcciones
|
| 740 |
0 |
|
|a vLex Libros (Servicios en ln̕ea)
|
| 830 |
|
0 |
|a Derecho administrativo (Cedecs)
|
| 856 |
4 |
0 |
|z Acceso restringido
|u http://vlex.com/source/3299
|
| 942 |
|
|
|c BOOK
|
| 999 |
0 |
|
|a Administrative law
|b Barcelona
|